Capitais do Mundo por Ordem Alfabética - Statistics

Estatísticas Gerais
  • Esse quiz foi jogado 264 vezes
  • A pontuação média é 91 de 200
Estatísticas das Respostas
Capitais % Correto
Brasília
91%
Lisboa
80%
Berlim
78%
Washington D.C.
78%
Buenos Aires
77%
Cidade do México
77%
Paris
77%
Londres
75%
Madrid
75%
Roma
75%
Atenas
74%
Bruxelas
74%
Moscovo
74%
Lima
72%
Ottawa
72%
Amesterdão
71%
Oslo
71%
Assunção
69%
Bogotá
69%
Montevidéu
69%
Seul
69%
Quito
68%
Tóquio
68%
Wellington
68%
Ancara
66%
Bucareste
66%
Camberra
66%
Estocolmo
66%
Santiago
66%
Vaticano
66%
Andorra-a-Velha
65%
Dublin
65%
Pequim
65%
Budapeste
63%
Monaco
63%
Zagreb
63%
Caracas
62%
Havana
62%
Helsínquia
62%
Bangkok
60%
Cairo
60%
Cidade da Guatemala
60%
Cidade do Panamá
60%
Damasco
58%
Georgetown
58%
Jerusalém
58%
Kiev
58%
Varsóvia
58%
Berna
57%
Copenhaga
57%
Luanda
57%
Viena
57%
Abu Dhabi
55%
Kingston
55%
Kingstown
55%
Pyongyang
55%
Riade
55%
Riga
55%
San Marino
55%
Bagdá
54%
Belgrado
54%
Jakarta
54%
La Paz
54%
Nova Deli
54%
Reykjavík
54%
Tallinn
54%
Vaduz
54%
Argel
52%
Daca
52%
Luxemburgo
52%
Minsk
52%
San José
52%
Doha
51%
Escópia
51%
Paramaribo
51%
Praga
51%
Rabat
51%
San Salvador
51%
Tirana
51%
Vilnius
51%
Abuja
49%
Podgorica
49%
Pretória
49%
Adis Abeba
48%
Hanói
48%
Sofia
48%
Teerã
48%
Baku
46%
Bratislava
46%
Cabul
46%
Cidade do Cabo
46%
Sarajevo
46%
Kuala Lumpur
45%
Manágua
45%
Mascate
45%
Nursultan
45%
Tegucigalpa
45%
Tunes
45%
Valeta
45%
Antananarivo
43%
Beirute
43%
Chișinău
43%
Islamabad
43%
Sucre
43%
Taipé
43%
Accra
42%
Dakar
42%
Nassau
42%
Nicosia
42%
Pristina
42%
Saná
42%
Santo Domingo
42%
Amã
40%
Liubliana
40%
Manila
40%
Maputo
40%
Nairóbi
40%
Kuweit
38%
Port-of-Spain
38%
Porto Príncipe
38%
Praia
38%
Apia
37%
Bridgetown
37%
Djibouti
37%
Juba
37%
Suva
37%
Yaoundé
37%
Asgabate
35%
Erevan
35%
Harare
35%
Mogadíscio
35%
Asmara
34%
Basseterre
34%
Belmopan
34%
Bissau
34%
Brazzaville
34%
Kinshasa
34%
Porto-Novo
34%
Ulaanbaatar
34%
Victoria
34%
Díli
32%
Kampala
32%
Saint George's
32%
Saint John's
32%
Singapura
32%
Tashkent
32%
Tbilisi
32%
Trípoli
32%
Cartum
31%
Castries
31%
Catmandu
31%
Dodoma
31%
Port Louis
31%
Roseau
31%
Vientiane
31%
Banjul
29%
Bisqueque
29%
Conacri
29%
Duchambé
29%
Freetown
29%
Malé
29%
Maseru
29%
Palikir
29%
Phnom Penh
29%
Port Moresby
29%
Port Vila
29%
Windhoek
29%
Yamoussoukro
29%
Bamako
28%
Bandar Seri Begawan
28%
Bloemfontein
28%
Gaborone
28%
Libreville
28%
Lomé
28%
Lusaka
28%
Moroni
28%
Nukuʻalofa
28%
São Tomé
28%
Bangui
26%
Kigali
26%
Manama
26%
Monróvia
26%
Naypyidaw
26%
Nouakchott
26%
Gitega
25%
Honiara
25%
Kotte
25%
Lilongwe
25%
Majuro
25%
Niamey
25%
Yaren
25%
Cotonou
23%
Funafuti
23%
Malabo
23%
Mbabane
23%
N'Djamena
23%
Ouagadougou
23%
Tarawa
23%
Ngerulmud
22%
Thimbu
20%
Nenhum quiz correspondente encontrado
Distribuição das Pontuações
Porcentagem de Pessoas com Cada Pontuação
Percentil de Números Respondidos
Sua Pontuação Histórica
Você não jogou esse quiz